ARRUPE JESUIT UNIVERSITY

CORONAVIRUS -STOP THE SPREAD - CLEAN,DISINFECT,COVER

Foundations of an African ethic (Record no. 93936)

MARC details
000 -LEADER
fixed length control field 00620nam a2200241Ia 4500
003 - CONTROL NUMBER IDENTIFIER
control field 0100
005 - DATE AND TIME OF LATEST TRANSACTION
control field 20150215020004.0
008 - FIXED-LENGTH DATA ELEMENTS--GENERAL INFORMATION
fixed length control field 130307s9999 xx 000 0 und d
020 ## - INTERNATIONAL STANDARD BOOK NUMBER
International Standard Book Number 996621870X
040 ## - CATALOGING SOURCE
Transcribing agency ARRUPELIB
050 ## - LIBRARY OF CONGRESS CALL NUMBER
Classification number BJ980.B8513 2001
300 ## - PHYSICAL DESCRIPTION
Other physical details 214 p. 24 cm.
100 ## - MAIN ENTRY--PERSONAL NAME
Personal name Bujo, Benezet
9 (RLIN) 14709
245 ## - TITLE STATEMENT
Title Foundations of an African ethic
245 ## - TITLE STATEMENT
Remainder of title beyond the universal claims of western morality
260 ## - PUBLICATION, DISTRIBUTION, ETC. (IMPRINT)
Place of publication, distribution, etc New York
260 ## - PUBLICATION, DISTRIBUTION, ETC. (IMPRINT)
Name of publisher, distributor, etc Crossroad
260 ## - PUBLICATION, DISTRIBUTION, ETC. (IMPRINT)
Date of publication, distribution, etc 2001
300 ## - PHYSICAL DESCRIPTION
Extent xvii
650 ## - SUBJECT ADDED ENTRY--TOPICAL TERM
Topical term or geographic name as entry element ETHICS
9 (RLIN) 14713
700 ## - ADDED ENTRY--PERSONAL NAME
Personal name McNeil, Brian (tr.)
9 (RLIN) 14711
942 00 - ADDED ENTRY ELEMENTS (KOHA)
Koha issues (borrowed), all copies 5
Source of classification or shelving scheme Library of Congress Classification
Koha item type Monograph ( Printed materials)
Holdings
Withdrawn status Lost status Source of classification or shelving scheme Damaged status Not for loan Collection code Home library Current library Shelving location Date acquired Total Checkouts Full call number Barcode Date last seen Date checked out Copy number Price effective from Koha item type
    Library of Congress Classification     Main Collection ARRUPE LIBRARY ARRUPE LIBRARY   07/03/2013 7 BJ980.B8513 2001 46003074690 23/02/2024 16/01/2024 1 07/03/2013 Monograph ( Printed materials)
    Library of Congress Classification     Main Collection ARRUPE LIBRARY ARRUPE LIBRARY   07/03/2013 6 BJ980.B8513 2001 46407387 22/09/2016 07/04/2016 2 07/03/2013 Monograph ( Printed materials)
    Library of Congress Classification       ARRUPE LIBRARY ARRUPE LIBRARY   29/01/2015 12 BJ980.B8513 2001 46003075624 07/05/2021 07/04/2021   29/01/2015 Monograph ( Printed materials)

 

Arrupe Library. PO Box MP320 Mt Pleasant, Harare, Zimbabwe
263 242 745411|librarian@aju.ac.zw